Uniting mountain & plain (Record no. 125810)
[ view plain ]
| 000 -LEADER | |
|---|---|
| fixed length control field | 02292nam a2200481 a 4500 |
| 082 04 - DEWEY DECIMAL CLASSIFICATION NUMBER | |
| Classification number | 978.8/83 |
| 100 1# - MAIN ENTRY--AUTHOR NAME | |
| Personal name | Brosnan, Kathleen A., |
| 245 10 - TITLE STATEMENT | |
| Title | Uniting mountain & plain |
| 250 ## - EDITION STATEMENT | |
| Edition statement | 1st ed. |
| 260 ## - PUBLICATION, DISTRIBUTION, ETC. (IMPRINT) | |
| Place of publication | Albuquerque : |
| Name of publisher | University of New Mexico Press, |
| Year of publication | c2002. |
| 300 ## - PHYSICAL DESCRIPTION | |
| Number of Pages | xii, 276 p. : |
| Other physical details | ill., maps. |
| 500 ## - GENERAL NOTE | |
| General note | Based on author's thesis (doctoral)--University of Chicago. |
| 505 0# - FORMATTED CONTENTS NOTE | |
| Formatted contents note | Introduction -- Holding the purse strings : Denver emerges -- Vanquishing the Indians : Denver clears the plains -- Taming the desert : Denver turns to agriculture -- Creating a valuable niche : Colorado Springs and the tourist trade -- Forging steel : Pueblo's incomplete challenge -- Mastering nature : reality and illusion. |
| 650 #0 - SUBJECT ADDED ENTRY--TOPICAL TERM | |
| Topical Term | City planning |
| 856 40 - ELECTRONIC LOCATION AND ACCESS | |
| Uniform Resource Identifier | http://site.ebrary.com/lib/rucke/Doc?id=10492186 |
No items available.
